000 01510nam a22002897a 4500
005 20090727104728.0
008 090608t xxu||||| |||| 00| 0 hin d
010 _aHIN-87494
020 _a8184194323
_c95.00
035 _aHN-59840
037 _bDBAD / PUB
037 _bडायमंड पॉकेट बुक्स
040 _adpl
_bhn
082 _a793.8
100 _aशंकर
245 _aइंद्रजाल मैजिक् ट्रिक्स /
_cजादूगर सम्राट शंकर; सुनील जोगी एवं मदन भारती द्वारा संपादित
246 _bby Jadugar Samrat Shankar
_aIndrajaala magic tricks
260 _aनई दिल्ली
_bडायमंड पॉकेट बुक्स
_c2009
270 _aएक्स-30, ओखला इंडस्ट्रियल एरिया, फेज-2
_bनई दिल्ली
_e110020
_k011-41611861, 40712100
_l011-41611866
_msales@dpb.in
300 _a160पृ.
_c22सेमी (अजिल्द)
_bसचित्र
650 _aजादुई करतब
650 _aMagic tricks
700 _aजोगी, सुनील
700 _aभारती, मदन
942 _2ddc
_cHN
_mशंकर
_h793.8
999 _c28687
_d28687